| 000 | 01186cam a2200301Ia 45 0 | ||
|---|---|---|---|
| 001 | u210513 | ||
| 003 | SIRSI | ||
| 008 | 100628s2014 ua a b 000 0 eng d | ||
| 040 | _aEAL | ||
| 041 |
_aeng _bara |
||
| 090 | _aCD-3457 | ||
| 100 | _aEl-Sisi, Mahmoud Abd El-Salam El-Sayed | ||
| 245 | 1 | 0 |
_aStudies on risk analysis of some organophosphorus pesticides in food _h[computer file]/ _cMahmoud Abd El-Salam El-Sayed El-Sisi. |
| 246 | 1 | 5 | _aدراسات على تحليل مخاطر بعض المبيدات الفسفورية في الأغذية. |
| 260 | _c2014. | ||
| 300 |
_aComputer laser optical disk ; _c4 3/4 in. |
||
| 502 | _aThesis (M.S.) -- Al-Azhar University, 2014. | ||
| 504 | _aIncludes bibliographical references (leaves124-132) . | ||
| 538 | _aSystems requirements: Adobe Reader. | ||
| 546 | _aSummary in Arabic. | ||
| 650 | 0 | _aPesticide residues in food. | |
| 650 | 0 |
_aPesticide residues in food _xAnalysis. |
|
| 650 | 0 |
_aPesticide residues in food _xHealth aspects. |
|
| 650 | 3 | _aorganophosphorus pesticides. | |
| 856 | 0 | 4 |
_uhttp://nile.enal.sci.eg/thesis/3457.pdf _zContent & Abstract. |
| 596 | _a1 | ||
| 942 |
_cETH _2lcc |
||
| 999 |
_c17788 _d17788 |
||